Redes sociales y sociedad civil / (Record no. 123078)
[ view plain ]
| 000 -LEADER | |
|---|---|
| campo de control de longitud fija | 02787cam a22003135a 4500 |
| 001 - NÚMERO DE CONTROL | |
| campo de control | 15663276 |
| 003 - IDENTIFICADOR DE NÚMERO DE CONTROL | |
| campo de control | BJBSDDR |
| 005 - FECHA Y HORA DE LA ÚLTIMA TRANSACCIÓN | |
| campo de control | 20250326160858.0 |
| 007 - CAMPO FIJO DE DESCRIPCIÓN FÍSICA--INFORMACIÓN GENERAL | |
| campo de control de longitud fija | ta |
| 008 - DATOS DE LONGITUD FIJA--INFORMACIÓN GENERAL | |
| campo de control de longitud fija | 090317s2008 sp b 001 0 spa |
| 010 ## - NÚMERO DE CONTROL DE LA BIBLIOTECA DEL CONGRESO | |
| Número de control de LC | 2009390342 |
| 020 ## - NÚMERO INTERNACIONAL ESTÁNDAR DEL LIBRO | |
| Número Internacional Estándar del Libro | 9788474764628 |
| 020 ## - NÚMERO INTERNACIONAL ESTÁNDAR DEL LIBRO | |
| Número Internacional Estándar del Libro | 8474764629 |
| 040 ## - FUENTE DE CATALOGACIÓN | |
| Centro catalogador/agencia de origen | DLC |
| Centro/agencia transcriptor | DLC |
| Centro/agencia modificador | DLC |
| Lengua de catalogación | spa |
| 041 ## - CÓDIGO DE IDIOMA | |
| Código de lengua del texto/banda sonora o título independiente | spa |
| 050 14 - SIGNATURA TOPOGRÁFICA DE LA BIBLIOTECA DEL CONGRESO | |
| Número de clasificación | CIS H 1 |
| Número de ítem | C397 N. 256 |
| 100 1# - ENTRADA PRINCIPAL--NOMBRE DE PERSONA | |
| Nombre de persona | Requena Santos, Félix |
| 9 (RLIN) | 41055 |
| 245 10 - MENCIÓN DEL TÍTULO | |
| Título | Redes sociales y sociedad civil / |
| Mención de responsabilidad, etc. | Félix Requena Santos. |
| 250 ## - MENCION DE EDICION | |
| Mención de edición | primera edición |
| 260 ## - PUBLICACIÓN, DISTRIBUCIÓN, ETC. | |
| Lugar de publicación, distribución, etc. | Madrid : |
| Nombre del editor, distribuidor, etc. | Centro de Investigaciones Sociológicas, |
| Fecha de publicación, distribución, etc. | 2008. |
| 300 ## - DESCRIPCIÓN FÍSICA | |
| Extensión | 200 páginas ; |
| Dimensiones | 21 cm. |
| 440 0# - MENCIÓN DE SERIE/PUNTO DE ACCESO ADICIONAL--TÍTULO | |
| Título | Colección Monografías (Centro de Investigaciones Sociológicas) ; |
| 9 (RLIN) | 5797 |
| Designación de volumen o secuencia | 256 |
| 504 ## - NOTA DE BIBLIOGRAFÍA, ETC. | |
| Nota de bibliografía, etc. | Incluye referencias bibliográficas (páginas 167-175) e índice. |
| 520 ## - RESUMEN, ETC. | |
| Sumario, etc. | Este libro estudia la sociedad civil como un entramado de redes sociales. Se trata de ver a la sociedad civil como un conjunto complejo de redes sociales que están mutuamente interconectadas y que son interdependientes formando lo que se pueden llamar redes civiles. La sociedad civil se debe concebir como un conjunto de redes sociales que implican a los individuos, organizaciones, instituciones y asociaciones, los cuales se conectan e imbrican mutuamente formando un sofisticado entramado social. Esta concepción de la sociedad civil fortalece su situación como eslabón entre el individuo y el Estado.La principal dimensión actual de la sociedad civil es precisamente su estructura reticular. Cada día, esta estructura es más amplia y no se restringe a los límites nacionales, sino que se extiende más allá de las fronteras de un país. Probablemente, una de las características más destacadas de la sociedad civil actual es su capacidad de funcionamiento en el ámbito global, de forma que genera políticas globales como consecuencia de la interacción de las instituciones del gobierno con la sociedad global.El análisis de redes contribuye a explicar el funcionamiento de la sociedad civil en las sociedades democráticas. Esta perspectiva reticular explica cómo las variables de análisis se pueden definir en términos de relaciones de poder entre el Estado y los diversos grupos sociales e instituciones que se implican en la sociedad. El análisis de estas cuestiones es especialmente relevante en el contexto de la globalización política y económica en el que nos encontramos, donde existe una tendencia a la convergencia de la forma de dirigir y gestionar los problemas públicos desde una perspectiva relacionada. |
| 650 #4 - PUNTO DE ACCESO ADICIONAL DE MATERIA--TÉRMINO DE MATERIA | |
| Término de materia o nombre geográfico como elemento de entrada | Redes sociales |
| 9 (RLIN) | 1351 |
| 650 #4 - PUNTO DE ACCESO ADICIONAL DE MATERIA--TÉRMINO DE MATERIA | |
| Término de materia o nombre geográfico como elemento de entrada | Sociedad civil |
| 9 (RLIN) | 2267 |
| 856 42 - LOCALIZACIÓN Y ACCESO ELECTRÓNICOS | |
| Materiales especificados | Publisher description |
| Identificador Uniforme de Recursos | <a href="http://www.loc.gov/catdir/enhancements/fy0910/2009390342-d.html">http://www.loc.gov/catdir/enhancements/fy0910/2009390342-d.html</a> |
| 942 ## - ELEMENTOS DE ENTRADA SECUNDARIOS (KOHA) | |
| Fuente del sistema de clasificación o colocación | Clasificación de Library of Congress |
| Suprimir en OPAC | No |
| Tipo de ítem Koha | Libro |
| Estatus retirado | Estado de pérdida | Fuente del sistema de clasificación o colocación | Estado de daño | No para préstamo | Colección | Biblioteca de origen | Biblioteca actual | Ubicación en estantería | Fecha de adquisición | Signatura topográfica completa | Código de barras | Visto por última vez | Copia número | Tipo de ítem Koha |
|---|---|---|---|---|---|---|---|---|---|---|---|---|---|---|
| Clasificación de Library of Congress | Ciencias Sociales | Biblioteca Juan Bosch | Biblioteca Juan Bosch | Ciencias Sociales (3er. Piso) | 26/03/2025 | CIS H 1 C397 N. 256 | 00000183595 | 26/03/2025 | 1 | Libro |
